Acteurs par lettre : T - Statistiques

Statistiques générales
  • Ce quiz a été pris 61 fois
  • Le résultat moyen est 4 sur 15
Statistiques - réponses
Films / Séries Années Acteurs % Correct
Grease / Pulp Fiction 1954- John Travolta
96%
Da Vinci Code / le Fabuleux destin d'Amélie Poulain 1976- Audrey Tautou
87%
Un Indien dans la ville / Stars 80 1959- Patrick Timsit
46%
Sexe entre amis / Time out 1981- Justin Timberlake
37%
Mon Oncle / Play Time 1907-1982 Jacques Tati
31%
Un Homme et une femme / Le Conformiste 1930-2022 Jean-Louis Trintignant
28%
Magic Mike / Blink Twice 1980- Channing Tatum
20%
Une Femme d'honneur / le Duplex 1959- Corinne Touzet
11%
Gomez et Tavarez / Les Jolies choses 1972- Titoff
11%
Yo Mama / Karaoké 1973- Claudia Tagbo
7%
Nice Girls / La Doublure 1976- Alice Taglioni
6%
L'Apprenti / Maman j'ai raté l'avion 1946- Donald Trump
6%
L'Emprise / La Mante 1977- Fred Testot
6%
Les Rencontres du Papotin / En Thérapie 1971- Eric Toledano
4%
Dear You / Trop Jeune pour moi 1991- Terence Telle
0%
Aucun quiz correspondant
Distribution des résultats
% des personnes avec chaque résultat
Percentile par nombre de réponses
Votre historique - résultats
Vous n’avez pas pris ce quiz